000 005450000a22001930004500
020 _a0-8307-1673-4
041 0 _aENG
082 0 4 _aG 234.13 W1321y
100 1 _aWagner, C. Pedro (Peter)
245 1 0 _aYour Spiritual Gifts : Can Help your church grow / C. Peter Wagner
260 _aVentura, CA., USA : Regal
300 _a272 Pag
650 1 4 _aDONES ESPIRITUALES \ IGLESIA- CRECIMIENTO
001 4227
942 _cBK
999 _c34837
_d34837
336 _atexto
_btxt
_2rdacontent
337 _2rdamedia
_asin mediación
_bn
338 _2rdacarrier
_avolumen
_bnc